| 000 | 00761cab a2200241 4500 | ||
|---|---|---|---|
| 001 | ABS47682 | ||
| 008 | 090401t1992 xxu||||| |||| 00| 0 eng d | ||
| 035 | _a(Sirsi) u63022 | ||
| 041 | _aeng | ||
| 100 | _aBarber, A.J. | ||
| 245 | _aRental values of petrol filling stations | ||
| 260 | _c1992 | ||
| 350 | _a0 | ||
| 490 |
_aRent Review & Lease Renewal _v13(1) Autumn 1992, 15-21(7) |
||
| 520 | _aAddresses the questions of valuation, lease terms and rent review clauses for petrol filling stations. References to case law throughout. | ||
| 650 | _aLEASE TERMS | ||
| 650 | _aPETROL FILLING STATIONS | ||
| 650 | _aRENT REVIEWS | ||
| 650 |
_aValuation _96273 |
||
| 690 | _aLANDLORD AND TENANT-BUSINESS TENANCIES | ||
| 942 | _n0 | ||
| 948 | _c04/03/1997 | ||
| 999 |
_c39173 _d39173 |
||